Layla - Eric Clapton (all lyrics) - Statistics

General Stats
  • This quiz has been taken 84 times
  • The average score is 126 of 165
Answer Stats
Lyrics % Correct
you
100%
You
100%
Layla
96%
go
96%
knees
96%
Layla
96%
me
96%
my
96%
on
96%
got
95%
got
95%
darling
93%
darling
93%
do
93%
I
93%
please
91%
What
89%
when
87%
begging
85%
your
84%
a
80%
by
80%
side?
80%
I'm
78%
I'm
78%
won't
78%
You've
76%
You've
76%
you've
76%
get
75%
lonely
75%
fool
73%
in
73%
will
73%
ease
71%
mind
71%
love
69%
to
69%
waiting
69%
worried
69%
and
64%
down
64%
it's
64%
with
64%
just
62%
foolish
60%
know
60%
the
60%
been
56%
don't
56%
much
56%
upside
56%
pride
55%
fell
55%
nobody's
55%
too
55%
like
53%
long
53%
whole
53%
world
53%
all
51%
man
49%
say
49%
way
49%
hiding
47%
let
47%
of
47%
turned
47%
never
45%
Tried
45%
find
44%
tell
44%
best
42%
finally
42%
give
42%
insane
42%
running
42%
situation
42%
before
40%
love's
40%
old
40%
vain
40%
consolation
38%
make
38%
we'll
36%
had
29%
Let's
11%
No matching quizzes found
Score Distribution
Percent of People with Each Score
Percentile by Number Answered
Your Score History
You have not taken this quiz